Towards a sociology of culture in india (Record no. 352461)
[ view plain ]
| 000 -LEADER | |
|---|---|
| fixed length control field | 003900000a22001450004500 |
| 060 ## - NATIONAL LIBRARY OF MEDICINE CALL NUMBER | |
| Classification number | 100 |
| 082 ## - DEWEY DECIMAL CLASSIFICATION NUMBER | |
| Classification number | 306 UNN |
| 100 ## - MAIN ENTRY--PERSONAL NAME | |
| Personal name | Unnithan T K N, Indra Devi |
| 100 ## - MAIN ENTRY--PERSONAL NAME | |
| Personal name | Yogendra Singh |
| 245 ## - TITLE STATEMENT | |
| Title | Towards a sociology of culture in india |
| 260 ## - PUBLICATION, DISTRIBUTION, ETC. (IMPRINT) | |
| Place of publication, distribution, etc. | Newdelhi, Prentice- Hall of India Pvt Ltd |
| 260 ## - PUBLICATION, DISTRIBUTION, ETC. (IMPRINT) | |
| Date of publication, distribution, etc. | 1965 |
| 650 ## - SUBJECT ADDED ENTRY--TOPICAL TERM | |
| Topical term or geographic name as entry element | Sociology-culture-india/essays-culture-india |
| 942 ## - ADDED ENTRY ELEMENTS (KOHA) | |
| Koha item type | Books (General) |
| Withdrawn status | Lost status | Damaged status | Not for loan | Home library | Current library | Date acquired | Total Checkouts | Full call number | Barcode | Date last seen | Price effective from | Koha item type |
|---|---|---|---|---|---|---|---|---|---|---|---|---|
| College of Agriculture, Vellayani | College of Agriculture, Vellayani | 02/05/2014 | 306 UNN | KAU_COAV-9652 | 02/05/2014 | 02/05/2014 | Books (General) |
